5HLuxD.jpg

KING HENRY VIII SENIOR AND PRIMARY SCHOOL LIBRARY OPAC

By royal command / (Record no. 962)

000 -LEADER
fixed length control field 01204cam a2200337 a 4500
001 - CONTROL NUMBER
control field 16158414
003 - CONTROL NUMBER IDENTIFIER
control field OSt
005 - DATE AND TIME OF LATEST TRANSACTION
control field 20200107115620.0
008 - FIXED-LENGTH DATA ELEMENTS--GENERAL INFORMATION
fixed length control field 100329r20102008nyu j 000 1 eng
010 ## - LIBRARY OF CONGRESS CONTROL NUMBER
LC control number 2010007802
020 ## - INTERNATIONAL STANDARD BOOK NUMBER
International Standard Book Number 9780141343600
040 ## - CATALOGING SOURCE
Original cataloging agency DLC
Transcribing agency DLC
Modifying agency DLC
042 ## - AUTHENTICATION CODE
Authentication code lcac
-- pcc
082 ## - DEWEY DECIMAL CLASSIFICATION NUMBER
Classification number FIC HIG
100 1# - MAIN ENTRY--PERSONAL NAME
Personal name Higson, Charles,
Dates associated with a name 1958-
Relator term author
245 10 - TITLE STATEMENT
Title By royal command /
Statement of responsibility, etc. Charlie Higson.
260 ## - PUBLICATION, DISTRIBUTION, ETC.
Place of publication, distribution, etc. UK :
Name of publisher, distributor, etc. Puffin Books
Date of publication, distribution, etc. 2012.
300 ## - PHYSICAL DESCRIPTION
Extent 353 p. ;
Dimensions 20 cm.
490 0# - SERIES STATEMENT
Series statement Young Bond ;
Volume/sequential designation bk. 5
520 ## - SUMMARY, ETC.
Summary, etc. Piecing together information gained while skiing in the Alps, teenaged James Bond returns to Eton College and foils an assassination attempt, then goes on the run across Europe with a beautiful and dangerous Irish girl, Roan.
600 11 - SUBJECT ADDED ENTRY--PERSONAL NAME
Personal name Great Britain
General subdivision History
Chronological subdivision George VI, 1936-1952
Form subdivision Fiction.
610 21 - SUBJECT ADDED ENTRY--CORPORATE NAME
Corporate name or jurisdiction name as entry element Eton College
Form subdivision Fiction.
650 #1 - SUBJECT ADDED ENTRY--TOPICAL TERM
Topical term or geographic name entry element Adventure and adventurers
Form subdivision Fiction.
650 #1 - SUBJECT ADDED ENTRY--TOPICAL TERM
Topical term or geographic name entry element Boarding schools
Form subdivision Fiction.
650 #1 - SUBJECT ADDED ENTRY--TOPICAL TERM
Topical term or geographic name entry element Schools
Form subdivision Fiction.
650 #1 - SUBJECT ADDED ENTRY--TOPICAL TERM
Topical term or geographic name entry element Criminals
Form subdivision Fiction.
650 #1 - SUBJECT ADDED ENTRY--TOPICAL TERM
Topical term or geographic name entry element Spies
Form subdivision Fiction.
651 #1 - SUBJECT ADDED ENTRY--GEOGRAPHIC NAME
Geographic name Europe
General subdivision History
Chronological subdivision 1918-1945
Form subdivision Fiction.
906 ## - LOCAL DATA ELEMENT F, LDF (RLIN)
a 7
b cbc
c orignew
d 1
e ecip
f 20
g y-gencatlg
942 ## - ADDED ENTRY ELEMENTS (KOHA)
Source of classification or shelving scheme
Koha item type Books - Fiction
Holdings
Withdrawn status Lost status Source of classification or shelving scheme Damaged status Not for loan Collection code Permanent Location Current Location Shelving location Date acquired Total Checkouts Full call number Barcode Date last seen Date last checked out Price effective from Koha item type
          Fiction KH8 Senior School Library KH8 Senior School Library Fiction 2020-01-07 2 FIC HIG 3KHSL000101703 2024-07-16 2020-10-13 2020-01-07 Books - Fiction

Powered By KH8 IT Dept